00768nam a2200217 a 4500008004100000020002200041100001700063245010000080250001700180260002800197300003300225500008400258500002000342650004000362650003100402700006900433700002100502003000100523005001700524040000900541  a0771507836 (pbk.)1 aBrown, Diane10aEffective English for business communication /cDiane Brown, Paul S. Burtness, Alfred T. Clark. aCanadian ed. aToronto :bGage,c1982. aix, 403 p. :bill. ;c25 cm. aAmerican ed. : Burtness, Paul S. Effective English for business communication. aIncludes index. 0aEnglish languagexBusiness English. 0aCommercial correspondence.1 aBurtness, Paul S.tEffective English for business communication.1 aClark, Alfred T.20230123133458.0 cNUST